Death in the afternoon

Saved in:
Bibliografiske detaljer
Hovedforfatter: Hemingway, Ernest (Author)
Format: Bog
Sprog:engelsk
Udgivet: Harmondsworth Penguin Books 1966
Fag:
Tags: Tilføj Tag
Ingen Tags, Vær først til at tagge denne postø!

MARC

LEADER 00000nam a2200000 a 4500
001 UCQ2394
003 CL-VaPUC
008 980724e19660000uk |||||||||||||||||eng|d
082 0 4 |a 813  |b HEM  |2 21 
100 |a Hemingway, Ernest  |e author  |9 582258 
245 1 0 |a Death in the afternoon 
300 |a 347 p 
942 |c BK 
945 |d 19980724 00:00:00  |a crobeson 
260 |a Harmondsworth  |b Penguin Books  |c 1966 
650 0 |a Novelas estadounidenses  |9 265217 
650 0 |a Literatura estadounidense  |9 317168 
583 |a last modification  |c 20171204 02:21:49  |k Rodrigo Vera 
999 |c 273220  |d 273218 
952 |0 0  |1 0  |4 0  |6 813_000000000000000_HEM_1966  |7 0  |8 A  |9 308607  |a BIBEDU  |b BIBEDU  |d 2019-11-20  |i 1445103  |o 813 HEM 1966  |p 1445103  |r 2019-11-20  |w 2019-11-20  |y BK  |k LIT